000 00980cam a2200229 4500
001 ABS64600
008 011009n2001 000 0 eng u
035 _a(Sirsi) u115047
100 _aRollins-Hinkle, B.
245 _aOutsourcing: What does it take to be a top-notch service provider?
260 _c2001
490 _aJournal of Corporate Real Estate
_v3(4) September 2001, 370-380(11)
520 _aOutsourcing has become a mainstream management practice in recent years. Considers what it takes to become a leader in providing value added services as an outsourced real estate professional. Also looks at why companies are using outsourced firms for functions they have traditionally handled in-house.
590 _aABS
650 _aOUTSOURCING
650 _aVALUE-ADDED SERVICES
650 _aPROCESS ENGINEERING
650 _aSERVICE PROVIDERS
650 _aFACILITIES MANAGEMENT
_96240
690 _aPROPERTY MANAGEMENT-CORPORATE REAL ESTATE
942 _n0
999 _c68524
_d68524